• 首页
  • 本馆介绍
  • 公告通知
  • 最新文献
  • 馆藏检索
  • 电子资源
  • 读者导购
  • 参考咨询
  • 我的图书馆
  • 登录
  • 详细信息显示
  • 放入我的书架
  • 预约/预借图书
  • 作者相关作品
  • 分类相关作品
  • 丛书相关作品
  • 出版社相关作品

书目信息

  • 表格格式
  • 工作单格式
  • 卡片格式
题名:
高层建筑结构设计原理
    
 
作者: 彭伟 主编
分册:  
出版信息: 成都   西南交通大学出版社  2021.4
页数: 437页
开本: 26cm
丛书名:
单 册:
中图分类: TU973
科图分类:
主题词: 高层建筑--结构设计--高等学校--教材
电子资源:
ISBN: 978-7-5643-4239-5
000 00915nam0 2200253 45
001 012001001165
005 20211012151940.50
010    @a978-7-5643-4239-5@dCNY59.00
100    @a20150930d2015 em y0chiy50 ea
101 0  @achi
102    @aCN@b510000
105    @aa z 000yy
106    @ar
200 1  @a高层建筑结构设计原理@Agao ceng jian zhu jie gou she ji yuan li@b专著@f彭伟主编
205    @a3版
210    @a成都@c西南交通大学出版社@d2021.4
215    @a437页@c图@d26cm
300    @a高等学校土木工程专业系列教材——建筑工程
330    @a本书系统阐述了高层建筑结构体系与布置;高层建筑结构的荷载与设计要求;高层建筑常用结构体系的受力特点、布置和分析计算方法;复杂高层建筑结构设计与高层建筑结构计算机分析方法。
606 0  @a高层建筑@x结构设计@x高等学校@j教材
690    @aTU973@v5
701  0 @a彭伟@Apeng wei@f(1953 )@4主编
801  0 @aCN@bBJSDL@c20211011
905    @b1333297-9@dTU973@e1898=3@f3
    
    高层建筑结构设计原理/彭伟主编.-3版.-成都:西南交通大学出版社,2021.4
    437页:图;26cm
    高等学校土木工程专业系列教材——建筑工程
    
    ISBN 978-7-5643-4239-5:CNY59.00
    本书系统阐述了高层建筑结构体系与布置;高层建筑结构的荷载与设计要求;高层建筑常用结构体系的受力特点、布置和分析计算方法;复杂高层建筑结构设计与高层建筑结构计算机分析方法。
●
相关链接 在E读中查询图书 在五车中查询图书 在当当中查询图书 在豆瓣中查询图书


正题名:高层建筑结构设计原理     索取号:TU973/1898=3         预约/预借

序号 登录号 条形码 馆藏地/架位号 状态 备注
1 1333297   213332972   第二样本阅览室/ [索取号:TU973/1898=3] 在馆    
2 1333298   213332981   第三借阅区/ [索取号:TU973/1898=3] 在馆    
3 1333299   213332990   第三借阅区/ [索取号:TU973/1898=3] 在馆    
唐山师范学院图书馆 欢迎您!
大连网信软件有限公司© 版权所有